000 00520nam a22001577a 4500
020 _qHard Cover.
082 _a621.3
100 _aHasan Khan, Umar
245 _aA Narrow Band Substrate Integrated waveguide Filter using EM Simulation /
_cUmar Hasan Khan
260 _aIslamabad :
_bCEME - NUST,
_c2013.
300 _a51 p. : ill. ;
_c30cm.
650 _aElectrical Engineering-MS-Thesis
_916073
700 _aDr. Mojeeb Bin Ishan
_934799
942 _2ddc
_cTHE
999 _c540656
_d540656